[Event "9th Bangabandhu Rapid Men 2021"]
[Site "Dhaka"]
[Date "2021.04.03"]
[Round "9.6"]
[White "Mehdi Hasan Parag"]
[Black "Jabed Al Azad"]
[Result "1-0"]
[WhiteElo "2204"]
[BlackElo "2002"]
[Annotator "TA"]
[PlyCount "64"]
[EventDate "2021.04.02"]
[EventType "swiss"]
[EventCountry "BAN"]
[SourceTitle "playchess.com"]
[Source "ChessBase"]
[SourceQuality "1"]

{[%evp 12,64,30,3,77,19,18,18,18,18,20,20,33,20,35,0,0,-27,14,-19,0,0,121,124,24,0,0,0,198,215,483,361,413,396,572,412,518,476,647,624,802,773,900,353,647,525,772,651,673,693,874,866,29993,2717,3697]} 1. e4 c6 2. Nc3 d5 3. Nf3 Bg4 4. h3 Bxf3 5. Qxf3 e6 6. d4 dxe4 7. Nxe4 Nf6 {B11: Caro-Kann: Two Knights Variation.} (7... Qxd4 $11 8. c3 Qd5) 8. Bg5 ({White should try} 8. Nxf6+ $16 Qxf6 9. Qxf6 gxf6 10. Be2) 8... Be7 $11 {Strongly threatening ...Nxe4.} 9. Bxf6 gxf6 {The position is equal.} 10. O-O-O {[#]} Nd7 $146 ({Predecessor:} 10... f5 11. Nc3 Nd7 12. g4 fxg4 13. hxg4 Bg5+ 14. Kb1 Qf6 15. Qe2 O-O-O 16. Rh3 Qe7 {1-0 (36) Gu,T (2205)-Wang,Z (2018) Changsha 2019}) 11. g4 Qa5 12. Kb1 h5 13. Bg2 O-O-O 14. c4 Kb8 15. Nc3 hxg4 16. hxg4 Qg5 (16... Rxh1 $11 17. Bxh1 (17. Rxh1 Nb6 $11) 17... Nf8) 17. Qg3+ $1 $16 Kc8 18. Rxh8 (18. Nb5 {with more complications.} e5 19. Nxa7+ Kc7 20. Rxh8 Rxh8 21. d5) 18... Rxh8 19. d5 $40 {[%mdl 128] Black needs to defend precisely.} cxd5 (19... Ne5 $11) 20. cxd5 $18 Qe5 (20... Ne5 {was called for.} 21. d6 Bd8) 21. dxe6 {[%mdl 64] Discovered Attack} Qxe6 {Now ...Ne5 and Black clings on.} 22. Qf3 Qc6 (22... Nc5 $142 23. b4 Rd8 24. Rxd8+ Kxd8 25. bxc5 Bxc5 26. Qxb7 Bd4 27. Qa8+ Qc8 28. Qd5+ Qd7 29. Qa8+ Qc8) 23. Nd5 Kd8 24. Rc1 Qd6 25. Qc3 {[%csl Gc1][%cal Rc3c8]} Qb8 26. g5 Rh2 27. gxf6 $2 (27. Nxe7 Qe5 28. Qb4 $1 Qxe7 29. Qxb7) 27... Bd6 $2 (27... Bc5) 28. Qf3 Rh4 29. Qe3 Rh5 30. f4 Nf8 31. Ne7 Bc7 {[#]} 32. Qd3+ (32. Nc6+ $142 $1 {[%mdl 512]} bxc6 33. Qe7+ {[%mdl 64] Double Attack} Kc8 34. Qe8+ {[%mdl 64] Double Attack} Bd8 35. Rxc6+ Qc7 36. Rxc7+ Kxc7 37. Qc6+ Kb8 38. Qb7#) 32... Ke8 {Weighted Error Value: White=0.48/Black=1.08} 1-0

[Event "9th Bangabandhu Rapid Men 2021"]
[Site "Dhaka"]
[Date "2021.04.03"]
[Round "9.7"]
[White "Mohammed Abdul, Malek"]
[Black "Chowdhury, Sohel"]
[Result "0-1"]
[WhiteElo "2125"]
[BlackElo "2149"]
[Annotator "TA"]
[PlyCount "65"]
[EventDate "2021.04.02"]
[EventType "swiss"]
[EventCountry "BAN"]
[SourceTitle "playchess.com"]
[Source "ChessBase"]
[SourceQuality "1"]

{[%evp 20,65,50,76,99,102,95,107,99,63,37,44,50,37,60,39,92,92,164,149,151,74,79,74,74,74,74,67,77,67,78,63,60,50,72,-110,-102,-107,-98,-312,-294,-335,-263,-537,-453,-406,-387,-384]} 1. d4 d5 2. c4 c6 3. Nf3 Nf6 4. e3 e6 5. Nbd2 Nbd7 6. Bd3 Bd6 7. O-O O-O 8. e4 dxe4 9. Nxe4 Nxe4 10. Bxe4 h6 11. Bc2 Qc7 {D46: Semi-Slav: 5 e3 Nbd7 6 Bd3, Black avoids the Meran.} 12. Qd3 {[%csl Gc2][%cal Rd3h7] [#]} Nf6 13. c5 Bf4 {White is better.} 14. g3 Bxc1 15. Raxc1 {[#]} Rd8 $146 ({Predecessor:} 15... b6 16. Ne5 Rd8 17. Bb1 Bb7 18. Rc3 Rd5 19. Rfc1 Rad8 20. cxb6 Qxb6 21. Nxc6 Bxc6 22. Rxc6 Qxb2 {0-1 (49) Biro,D (2211)-Paksa,R (2140) Hungary 2010}) 16. Rfe1 a5 17. a3 a4 (17... b6 $14) 18. Ne5 $16 Bd7 (18... b6 $16 {keeps fighting.}) 19. Nc4 Be8 20. Nd6 ({Better is} 20. Nb6) 20... b6 21. Re3 Rxd6 22. cxd6 Qxd6 23. Rd1 b5 24. Rd2 Rd8 25. Bd1 Nd5 {[%cal Bf6d5,Bd5b6,Bb6c4][%mdl 32]} 26. Re1 Nb6 {[#]} 27. Re4 $2 (27. Bc2 $1 $16 {stays on course. Black must now prevent Qh7+.} g6 28. Rdd1) 27... Nc4 $17 28. Rde2 c5 {Strongly threatening ...Bc6.} 29. Rh4 $2 (29. Bxa4 $17 Bc6 30. Bc2) 29... cxd4 $19 30. Bc2 f5 31. Bb1 $2 (31. Bxa4 Ne5 32. Rxe5 Qxe5 33. Bd1) 31... Bc6 32. Ba2 Qd5 {[%csl Gc6][%cal Rd5h1]} 33. f3 {What a bad dream for White.  Weighted Error Value: White=0.53/Black=0.18} 0-1

[Event "9th Bangabandhu Rapid Men 2021"]
[Site "Dhaka"]
[Date "2021.04.03"]
[Round "9.8"]
[White "Manon, Reja Neer"]
[Black "Ghosh, Chanchal Kumer"]
[Result "0-1"]
[WhiteElo "2143"]
[BlackElo "2052"]
[Annotator "TA"]
[PlyCount "76"]
[EventDate "2021.04.02"]
[EventType "swiss"]
[EventCountry "BAN"]
[SourceTitle "playchess.com"]
[Source "ChessBase"]
[SourceQuality "1"]

{[%evp 14,76,15,0,0,-12,-10,0,0,-6,0,0,-3,-12,0,0,10,0,0,0,-3,-10,0,2,0,0,0,-57,-16,-26,-10,-50,-3,-7,0,-102,-101,-95,-99,-103,-97,-96,-90,-97,-83,-129,-98,-130,-119,-121,-57,-160,-109,-1260,-1210,-1963,-1033,-835,-825,-787,-787,-779,-733,-856,-791]} 1. e4 c5 2. Nf3 d6 3. g3 Nc6 4. Bg2 e6 5. O-O Nf6 6. d3 Be7 7. Nc3 O-O 8. h3 a6 {B50: Sicilian: 2...d6, Miscellaneous.} 9. Be3 Qc7 10. a4 b6 {The position is equal.} 11. d4 cxd4 12. Nxd4 {[#]} Bb7 $146 ({Predecessor:} 12... Ne5 13. f4 Nc4 14. Bc1 Bb7 15. Qe1 d5 16. e5 Bc5 17. Nce2 Ne4 {0-1 (28) Stinka,J (1991)-Babiy,O (2388) Bayerisch Eisenstein 2017}) 13. Qe2 Ne5 14. Rad1 Rfd8 15. f4 Nc4 16. Bc1 Rac8 17. b3 Na5 18. Bb2 Nc6 19. Nxc6 Qxc6 20. g4 ({Better is} 20. Rd3 $11) 20... Qc5+ 21. Kh1 d5 22. e5 Ne4 23. Nxe4 dxe4 24. c3 (24. Rxd8+ $11 {keeps the balance.} Rxd8 25. Bxe4 Bxe4+ 26. Qxe4) 24... Rd3 $17 25. Rxd3 exd3 26. Qxd3 {[#]} Rd8 $1 27. Qe2 {[#]} Bxg2+ 28. Qxg2 Qe3 29. b4 Rd3 {[%mdl 1024] Black has strong compensation.} 30. Qa8+ Bf8 31. Qg2 b5 (31... a5 $17 32. bxa5 bxa5) 32. a5 (32. axb5 $15 axb5 33. h4) 32... h6 (32... Be7 $142 33. g5 h6) 33. Rb1 $2 {[%mdl 8192] White does not recover from this.} (33. h4 $17) 33... Rd2 $19 {Black is clearly winning.} 34. Bc1 Rd1+ 35. Kh2 Rxc1 36. Rxc1 Qxf4+ 37. Qg3 Qxc1 38. Qd3 Qf4+ {Weighted Error Value: White=0.69/Black=0.33} 0-1